000 00243nam a2200097Ia 4500
001 1207764
005 20250827022832.0
008 250824s9999 xx 000 0 und d
245 0 _aYA SEN OLMASAYDIN
_cİPEK ONGUN
260 _bARTEMİS YAYINLARI
999 _c1207764
_d1207764